<?xml version="1.0" encoding="UTF-8"?><?xml-stylesheet type="text/xsl" href="static/style.xsl"?><OAI-PMH xmlns="http://www.openarchives.org/OAI/2.0/" xmlns:xsi="http://www.w3.org/2001/XMLSchema-instance" xsi:schemaLocation="http://www.openarchives.org/OAI/2.0/ http://www.openarchives.org/OAI/2.0/OAI-PMH.xsd"><responseDate>2026-06-07T13:33:58Z</responseDate><request verb="GetRecord" identifier="oai:riubu.ubu.es:10259/11807" metadataPrefix="marc">https://riubu.ubu.es/oai/request</request><GetRecord><record><header><identifier>oai:riubu.ubu.es:10259/11807</identifier><datestamp>2026-06-05T06:43:17Z</datestamp><setSpec>com_10259.4_2543</setSpec><setSpec>com_10259_5086</setSpec><setSpec>com_10259_2604</setSpec><setSpec>com_10259_4141</setSpec><setSpec>com_10259_4839</setSpec><setSpec>col_10259.4_2544</setSpec><setSpec>col_10259_4142</setSpec><setSpec>col_10259_4840</setSpec></header><metadata><record xmlns="http://www.loc.gov/MARC21/slim" xmlns:doc="http://www.lyncode.com/xoai" xmlns:xsi="http://www.w3.org/2001/XMLSchema-instance" xmlns:dcterms="http://purl.org/dc/terms/" xsi:schemaLocation="http://www.loc.gov/MARC21/slim http://www.loc.gov/standards/marcxml/schema/MARC21slim.xsd">
<leader>00925njm 22002777a 4500</leader>
<datafield tag="042" ind1=" " ind2=" ">
<subfield code="a">dc</subfield>
</datafield>
<datafield tag="720" ind1=" " ind2=" ">
<subfield code="a">Cubo Delgado, Esther</subfield>
<subfield code="e">author</subfield>
</datafield>
<datafield tag="720" ind1=" " ind2=" ">
<subfield code="a">Sáez Velasco, Sara</subfield>
<subfield code="e">author</subfield>
</datafield>
<datafield tag="720" ind1=" " ind2=" ">
<subfield code="a">Delgado Benito, Vanesa</subfield>
<subfield code="e">author</subfield>
</datafield>
<datafield tag="720" ind1=" " ind2=" ">
<subfield code="a">Ausín Villaverde, Vanesa</subfield>
<subfield code="e">author</subfield>
</datafield>
<datafield tag="720" ind1=" " ind2=" ">
<subfield code="a">García Soto, Xose Ramón</subfield>
<subfield code="e">author</subfield>
</datafield>
<datafield tag="720" ind1=" " ind2=" ">
<subfield code="a">Trejo Gabriel y Galán, José Mª</subfield>
<subfield code="e">author</subfield>
</datafield>
<datafield tag="720" ind1=" " ind2=" ">
<subfield code="a">Martín Santidrián, Asunción</subfield>
<subfield code="e">author</subfield>
</datafield>
<datafield tag="720" ind1=" " ind2=" ">
<subfield code="a">Macarrón, Jesús V.</subfield>
<subfield code="e">author</subfield>
</datafield>
<datafield tag="720" ind1=" " ind2=" ">
<subfield code="a">Cordero Guevara, José</subfield>
<subfield code="e">author</subfield>
</datafield>
<datafield tag="720" ind1=" " ind2=" ">
<subfield code="a">Benito-León, Julián</subfield>
<subfield code="e">author</subfield>
</datafield>
<datafield tag="720" ind1=" " ind2=" ">
<subfield code="a">Louis, Elan D.</subfield>
<subfield code="e">author</subfield>
</datafield>
<datafield tag="260" ind1=" " ind2=" ">
<subfield code="c">2011-07</subfield>
</datafield>
<datafield tag="520" ind1=" " ind2=" ">
<subfield code="a">Introducción: Actualmente debido a la ausencia de marcadores biológicos, el cribado de trastornos&#xd;
del espectro autista (TEA) se centra fundamentalmente en la presencia de alteraciones&#xd;
conductuales caracterizadas por alteraciones en la interacción social y comunicación verbal y&#xd;
no verbal.&#xd;
Objetivo: Evaluar los atributos psicométricos de la versión española de la escala de autismo&#xd;
Autism-Tics, AD/HD and other Comorbidities Inventory (A-TAC), como medida de cribado de&#xd;
TEA.&#xd;
Material y métodos: Se incluyó en el estudio a 140 escolares (43% ni˜nos, 57% ni˜nas), de edades&#xd;
comprendidas entre los 6 y los 16 a˜nos, con TEA (n = 15), discapacidad intelectual (n = 40),&#xd;
enfermedades psiquiátricas (n = 22), tics (n = 12) y participantes controles (n = 51). Se analizaron&#xd;
los principales atributos psicométricos como la fiabilidad, asunción escalar, la consistencia&#xd;
interna, la precisión y la validez predictiva</subfield>
</datafield>
<datafield tag="520" ind1=" " ind2=" ">
<subfield code="a">Background: As there are no biological markers for Autism Spectrum Disorders (ASD), screening&#xd;
must focus on behaviour and the presence of a markedly abnormal development or a deficiency&#xd;
in verbal and non-verbal social interaction and communication.&#xd;
Objective: To evaluate the psychometric attributes of a Spanish version of the autism domain&#xd;
of the Autism-Tics, AD/HD and other Comorbidities Inventory (A-TAC) scale for ASD screening.&#xd;
Material and methods: A total of 140 subjects (43% male, 57% female) aged 6-16, with ASD&#xd;
(n = 15), Mental Retardation (n = 40), Psychiatric Illness (n = 22), Tics (n = 12) and controls (n = 51),&#xd;
were included for ASD screening. The predictive validity, acceptability, scale assumptions,&#xd;
internal consistency, and precision were analysed.&#xd;
Results: The internal consistency was high (  = 0.93), and the standard error was adequate&#xd;
(1.13 [95% CI, -1.08 a 3.34]). The mean scores of the Autism module were higher in patients&#xd;
diagnosed with ASD and mental disability compared to the rest of the patients (P &lt; .001). The&#xd;
area under the curve was 0.96 for the ASD group.&#xd;
Conclusion: The autism domain of the A-TAC scale seems to be a reliable, valid and precise tool&#xd;
for ASD screening in the Spanish school population</subfield>
</datafield>
<datafield tag="024" ind2=" " ind1="8">
<subfield code="a">1695-4033</subfield>
</datafield>
<datafield tag="024" ind2=" " ind1="8">
<subfield code="a">https://hdl.handle.net/10259/11807</subfield>
</datafield>
<datafield tag="024" ind2=" " ind1="8">
<subfield code="a">10.1016/j.anpedi.2011.01.008</subfield>
</datafield>
<datafield ind1=" " ind2=" " tag="653">
<subfield code="a">Autismo</subfield>
</datafield>
<datafield ind1=" " ind2=" " tag="653">
<subfield code="a">Atributos psicométricos</subfield>
</datafield>
<datafield ind1=" " ind2=" " tag="653">
<subfield code="a">Trastornos del desarrollo</subfield>
</datafield>
<datafield ind1=" " ind2=" " tag="653">
<subfield code="a">A-TAC</subfield>
</datafield>
<datafield ind1=" " ind2=" " tag="653">
<subfield code="a">Autism</subfield>
</datafield>
<datafield ind1=" " ind2=" " tag="653">
<subfield code="a">Psychometrics attributes</subfield>
</datafield>
<datafield ind1=" " ind2=" " tag="653">
<subfield code="a">Developmental disorders</subfield>
</datafield>
<datafield tag="245" ind1="0" ind2="0">
<subfield code="a">Atributos psicométricos de la versión española de la escala de cribado A-TAC para trastornos del espectro autista</subfield>
</datafield>
</record></metadata></record></GetRecord></OAI-PMH>